[Event "19eme Open de La Réunion"]
[Site "Salle des fêtes de Bellepierre"]
[Date "2017.10.21"]
[Round "7.6"]
[White "Laoussing, Mathis"]
[Black "Desire, Michael"]
[Result "0-1"]
[WhiteElo "1350"]
[BlackElo "1773"]
[PlyCount "112"]
[EventDate "2017.??.??"]

1. e4 c6 2. d4 d5 3. exd5 cxd5 4. Nf3 Bf5 5. Bd3 Bg6 6. O-O Nc6 7. Re1 e6 8.
Bf4 Bd6 9. Bxd6 Qxd6 10. c3 Nf6 11. Na3 a6 12. Ne5 Ne4 13. Bxe4 Bxe4 14. Qg4
O-O 15. Nac4 Qc7 16. Nxc6 bxc6 17. Ne5 c5 18. Rac1 c4 19. Re3 Bf5 20. Qh4 h6
21. Rg3 Kh8 22. Ng4 Qf4 23. Rd1 Rab8 24. h3 Rxb2 25. Rf3 Qg5 26. Qxg5 hxg5 27.
Ne5 Kg8 28. Nc6 Re8 29. a4 g4 30. Rf4 g5 31. hxg4 gxf4 32. gxf5 f6 33. fxe6
Rxe6 34. Nb4 Rd6 35. a5 Kf7 36. Re1 Rb3 37. Rc1 Ra3 38. Kf1 Rxa5 39. Ke2 Ra3
40. Kf3 a5 41. Nc2 Rxc3+ 42. Kxf4 Rb6 43. f3 Rb2 44. Ra1 Rcxc2 45. Rxa5 Rb6 46.
Rxd5 Rc6 47. Kf5 Re2 48. g4 c3 49. Rd7+ Re7 50. Rd8 c2 51. d5 Re5+ 52. Kf4
c1=Q+ 53. Kg3 Qe1+ 54. Kg2 Re2+ 55. Kh3 Qh1+ 56. Kg3 Qh2# 0-1

[Event "19eme Open de La Réunion"]
[Site "Salle des fêtes de Bellepierre"]
[Date "2017.10.21"]
[Round "7.7"]
[White "Etheve, Lionel"]
[Black "Mercadal, Theo"]
[Result "0-1"]
[WhiteElo "1576"]
[BlackElo "1661"]
[PlyCount "112"]
[EventDate "2017.??.??"]

1. Nf3 Nf6 2. b3 g6 3. Bb2 Bg7 4. e3 d5 5. d4 O-O 6. Bd3 Nbd7 7. O-O c5 8. c4
b6 9. dxc5 Nxc5 10. cxd5 Nxd3 11. Qxd3 Qxd5 12. Qxd5 Nxd5 13. Bxg7 Kxg7 14. Rc1
Ba6 15. Nc3 Nb4 16. Ne5 Rfd8 17. a3 Nd3 18. Nxd3 Rxd3 19. h3 f5 20. b4 e5 21.
Rc2 Rad8 22. Rac1 Kf7 23. b5 Bb7 24. Kf1 Ke6 25. a4 a6 26. h4 Rd2 27. g3 Rxc2
28. Rxc2 Rc8 29. Ke1 a5 30. Kd2 h6 31. Ne2 Rd8+ 32. Kc1 Bf3 33. Rd2 Rc8+ 34.
Kb2 g5 35. hxg5 hxg5 36. Nc3 Rh8 37. Kb3 Rf8 38. Kb2 f4 39. gxf4 gxf4 40. exf4
Rxf4 41. Kb3 Rf8 42. Kb2 Bb7 43. Kb3 Rf3 44. Kc2 Rf4 45. Kb3 Rb4+ 46. Kc2 Rc4
47. Kb3 Rd4 48. Rxd4 exd4 49. Ne2 Bd5+ 50. Kc2 Ke5 51. Nc1 Ke4 52. Ne2 d3+ 53.
Kd2 dxe2 54. Kxe2 Bb3 55. f3+ Kd4 56. Kf2 Bxa4 0-1

[Event "19eme Open de La Réunion"]
[Site "Salle des fêtes de Bellepierre"]
[Date "2017.10.21"]
[Round "7.8"]
[White "Frelicot, Eric"]
[Black "Fautrel, Sebastien"]
[Result "1-0"]
[WhiteElo "1680"]
[BlackElo "1070"]
[PlyCount "57"]
[EventDate "2017.??.??"]

1. c4 Nf6 2. Nc3 e5 3. Nf3 Nc6 4. a3 Bc5 5. b4 Be7 6. e3 d5 7. cxd5 Nxd5 8. Bb2
a6 9. Rc1 Nxc3 10. Bxc3 Bf6 11. Qc2 Qd5 12. Bd3 g6 13. Be4 Qc4 14. Bxc6+ bxc6
15. Bxe5 Qxc2 16. Rxc2 Bxe5 17. Nxe5 Bd7 18. Nxc6 Bxc6 19. Rxc6 a5 20. Ke2 Ra7
21. b5 Rb7 22. a4 O-O 23. Rhc1 Rc8 24. b6 f5 25. Rxc7 Rbxc7 26. Rxc7 Rb8 27. b7
Rf8 28. Rc8 Rxc8 29. bxc8=Q+ 1-0

[Event "19eme Open de La Réunion"]
[Site "Salle des fêtes de Bellepierre"]
[Date "2017.10.21"]
[Round "7.9"]
[White "Padre, Maxime"]
[Black "Pun Chung, Leo"]
[Result "0-1"]
[WhiteElo "1347"]
[BlackElo "1443"]
[PlyCount "58"]
[EventDate "2017.??.??"]

1. Nf3 Nc6 2. g3 g6 3. Bg2 Bg7 4. O-O d6 5. c4 e5 6. d3 Be6 7. Nc3 Nge7 8. Bd2
O-O 9. Rb1 f5 10. Qc2 h6 11. b4 Qd7 12. b5 Nd8 13. a4 f4 14. Rfe1 g5 15. Bc1
Bh3 16. Bh1 Qg4 17. a5 Nf5 18. e4 fxg3 19. fxg3 Nxg3 20. hxg3 Qxg3+ 21. Bg2
Rxf3 22. Rd1 Ne6 23. Kh1 Rf2 24. Qxf2 Qxf2 25. Bxh3 Nf4 26. Bxf4 exf4 27. Be6+
Kh8 28. Rbc1 Bxc3 29. Rxc3 Qf3+ 0-1

[Event "19eme Open de La Réunion"]
[Site "Salle des fêtes de Bellepierre"]
[Date "2017.10.21"]
[Round "7.10"]
[White "Muller, Sebastien"]
[Black "Calmels, Nicolas"]
[Result "0-1"]
[WhiteElo "1431"]
[BlackElo "1863"]
[PlyCount "112"]
[EventDate "2017.??.??"]

1. e4 e5 2. Nf3 Nc6 3. Bc4 Nf6 4. Nc3 h6 5. d3 a6 6. Be3 Bb4 7. a3 Ba5 8. h3 d5
9. exd5 Nxd5 10. Bxd5 Bxc3+ 11. bxc3 Qxd5 12. c4 Qd6 13. Nd2 f5 14. c5 Qg6 15.
Nf3 f4 16. Bd2 Qxg2 17. Rg1 Qxh3 18. Qe2 Qh5 19. Qe4 Bf5 20. Qe2 Bg4 21. Rxg4
Qxg4 22. O-O-O Qf5 23. d4 O-O-O 24. dxe5 Rhe8 25. Bc3 g5 26. Re1 g4 27. Nh4 Qe6
28. Qe4 Qe7 29. Qxf4 Qxh4 30. e6 Qe7 31. Bf6 Qxc5 32. Qxg4 Qxa3+ 33. Bb2 Qd6
34. e7+ Rd7 35. Re3 Qd2+ 36. Kb1 Nb4 37. Qf5 Kb8 38. Qg6 Rexe7 39. Rxe7 Rxe7
40. Qg8+ Ka7 41. Qg1 Qxc2+ 42. Ka1 Re2 43. f3+ b6 44. Qc1 Qxc1+ 45. Bxc1 Re1
46. Kb1 Nd3 47. f4 Rxc1+ 48. Ka2 Nxf4 49. Kb2 Nd3+ 50. Kb3 c5 51. Ka2 b5 52.
Kb3 c4+ 53. Ka2 Kb6 54. Ka3 b4+ 55. Ka2 b3+ 56. Ka3 Ra1# 0-1

[Event "19eme Open de La Réunion"]
[Site "Salle des fêtes de Bellepierre"]
[Date "2017.10.21"]
[Round "7.11"]
[White "Poignart, Francois-Xavier"]
[Black "Bah, Ismael"]
[Result "0-1"]
[WhiteElo "1337"]
[BlackElo "1712"]
[PlyCount "60"]
[EventDate "2017.??.??"]

1. d4 Nf6 2. c4 d6 3. Nc3 g6 4. e4 Bg7 5. f3 Nc6 6. Be3 O-O 7. Qd2 e5 8. d5 Ne7
9. Bd3 Ne8 10. Nge2 f5 11. exf5 gxf5 12. O-O f4 13. Bf2 Nf5 14. Ne4 Bh6 15. Qc2
Rf7 16. Rad1 Rg7 17. Kh1 Nf6 18. N2c3 Kh8 19. Rg1 Nxe4 20. Nxe4 Qf8 21. Rd2 Qf7
22. b4 Bd7 23. Bf1 Rag8 24. c5 Ne3 25. Bxe3 fxe3 26. Re2 dxc5 27. Qxc5 Qxf3 28.
Ng3 Qf8 29. Qc3 Qe8 30. Re1 Rxg3 0-1

[Event "19eme Open de La Réunion"]
[Site "Salle des fêtes de Bellepierre"]
[Date "2017.10.21"]
[Round "7.12"]
[White "Rebut, Paul"]
[Black "Duprey, Francois-Xavier"]
[Result "1-0"]
[WhiteElo "1261"]
[BlackElo "1614"]
[PlyCount "60"]
[EventDate "2017.??.??"]

1. e4 d5 2. exd5 Qxd5 3. Nc3 Qd6 4. d4 c6 5. Nf3 Bg4 6. Be3 Nf6 7. h3 Bh5 8. g4
Bg6 9. Bd3 Nbd7 10. Bxg6 hxg6 11. Qd2 Nxg4 12. O-O-O Nxe3 13. fxe3 O-O-O 14.
Qf2 e6 15. Ng5 Qc7 16. Nxf7 Bb4 17. Qe1 Nb6 18. Nxd8 Rxd8 19. a3 Bxa3 20. bxa3
Nc4 21. Qe2 b5 22. Rd3 Qd6 23. Nb1 Qg3 24. Qg4 Qd6 25. Qf4 Qd5 26. e4 Qh5 27.
Qg4 Qh6+ 28. Nd2 Rf8 29. Qxe6+ Kb8 30. Qxc6 Nb6 1-0

[Event "19eme Open de La Réunion"]
[Site "Salle des fêtes de Bellepierre"]
[Date "2017.10.21"]
[Round "7.13"]
[White "Eric Andriana, Fitia"]
[Black "Arulanantham, Manuelpillai"]
[Result "0-1"]
[WhiteElo "1156"]
[BlackElo "1570"]
[PlyCount "88"]
[EventDate "2017.??.??"]

1. e4 c5 2. Nf3 d6 3. g3 Nc6 4. Bg2 g6 5. d3 Bg7 6. O-O Nf6 7. Nc3 O-O 8. Bd2
Bd7 9. Re1 Qc8 10. Ne2 e5 11. a3 a5 12. c4 Nh5 13. Qb1 f5 14. b4 axb4 15. axb4
Rxa1 16. Qxa1 fxe4 17. dxe4 Bg4 18. b5 Bxf3 19. bxc6 Bxg2 20. Kxg2 Qxc6 21. Nc3
Nf6 22. Bg5 h6 23. Bxf6 Rxf6 24. Nd5 Rf7 25. f4 exf4 26. Qa8+ Kh7 27. gxf4 Rf8
28. Qa2 b5 29. cxb5 Qxb5 30. Rb1 Qd3 31. Re1 Rb8 32. Nf6+ Kh8 33. Ng4 Rb2+ 34.
Nf2 Rxa2 35. Kg1 Bd4 36. Rf1 Qxe4 37. h4 Qxf4 38. h5 Qxf2+ 39. Rxf2 Rxf2 40.
hxg6 c4 41. g7+ Kxg7 42. Kh1 c3 43. Kg1 c2 44. Kh1 c1=Q# 0-1

[Event "19eme Open de La Réunion"]
[Site "Salle des fêtes de Bellepierre"]
[Date "2017.10.21"]
[Round "7.14"]
[White "Larmet, Nino"]
[Black "Fondrat, Johan"]
[Result "1-0"]
[WhiteElo "1563"]
[BlackElo "1099"]
[PlyCount "63"]
[EventDate "2017.??.??"]

1. e4 e5 2. Nc3 Nf6 3. f4 exf4 4. e5 Ng8 5. Nf3 f6 6. exf6 Nxf6 7. d4 Bb4 8.
Bxf4 Nd5 9. Bd2 O-O 10. Nxd5 Bxd2+ 11. Qxd2 c6 12. Nc3 d5 13. O-O-O Bg4 14. Be2
Nd7 15. h3 Bh5 16. g4 Bg6 17. h4 Nf6 18. Ne5 Be4 19. Rhg1 h6 20. g5 hxg5 21.
hxg5 Nh7 22. Nxe4 dxe4 23. g6 Nf6 24. Bc4+ Nd5 25. Qh2 Rf6 26. Rdf1 b5 27. Rxf6
Qxf6 28. Qh7+ Kf8 29. Nd7+ Ke7 30. Nxf6 Nxf6 31. Qxg7+ Kd6 32. Qxf6+ 1-0

[Event "19eme Open de La Réunion"]
[Site "Salle des fêtes de Bellepierre"]
[Date "2017.10.21"]
[Round "7.15"]
[White "Alex-Geerjanan, Nils"]
[Black "Assie, Joel"]
[Result "0-1"]
[WhiteElo "1140"]
[BlackElo "1398"]
[PlyCount "100"]
[EventDate "2017.??.??"]

1. e4 c6 2. d4 d5 3. exd5 cxd5 4. Nf3 e6 5. Bf4 Nf6 6. Nc3 a6 7. a3 Be7 8. Bd3
O-O 9. O-O Nh5 10. Be5 f6 11. Bxb8 Rxb8 12. Ne5 Qe8 13. Nf3 Nf4 14. h3 Bd7 15.
Ne2 Nxd3 16. Qxd3 Bb5 17. Qd2 Bd6 18. Nc3 Bxf1 19. Rxf1 Qd7 20. Ne2 Rfe8 21.
Ng3 Rbc8 22. Qd3 Qc7 23. Rc1 Bxg3 24. fxg3 Qxg3 25. Rf1 Qg6 26. Qxg6 hxg6 27.
Rc1 Kf7 28. Nd2 e5 29. Nb3 b6 30. dxe5 Rxe5 31. Nd4 Rc4 32. Nf3 Re2 33. Nd4
Rxd4 34. Kf1 Rdd2 35. Re1 Rxg2 36. Rc1 Rxc2 37. Rxc2 Rxc2 38. b4 Ke6 39. a4 Ke5
40. b5 a5 41. Ke1 Ke4 42. Kd1 Kd3 43. Ke1 Rb2 44. h4 d4 45. h5 g5 46. h6 gxh6
47. Kf1 Ke3 48. Kg1 Kf3 49. Kh1 Kg3 50. Kg1 Rb1# 0-1

[Event "19eme Open de La Réunion"]
[Site "Salle des fêtes de Bellepierre"]
[Date "2017.10.21"]
[Round "7.16"]
[White "Fautrel, Pierrick"]
[Black "Alfonsi, Romain"]
[Result "0-1"]
[WhiteElo "1260"]
[BlackElo "1250"]
[PlyCount "61"]
[EventDate "2017.??.??"]

1. e4 e5 2. f4 d6 3. fxe5 dxe5 4. Nf3 Nc6 5. Bc4 Bc5 6. Nc3 Nf6 7. d3 h6 8. Na4
Be7 9. O-O O-O 10. Qe1 a6 11. Nc3 Kh7 12. h3 Nh5 13. Qd1 Bc5+ 14. Kh1 Ng3+ 15.
Kh2 Nxf1+ 16. Qxf1 Nd4 17. Qd1 Be6 18. Nxe5 Bxc4 19. dxc4 Qd6 20. Bf4 Ne6 21.
Qg4 Nxf4 22. Qxf4 Bd4 23. Nd3 Qxf4+ 24. Nxf4 Be5 25. g3 Rad8 26. Nd3 Rfe8 27.
Rf1 Kg8 28. Rd1 Bxc3 29. bxc3 Rxe4 30. Nf2 Rxd1 31. Nxd1 0-1

[Event "19eme Open de La Réunion"]
[Site "Salle des fêtes de Bellepierre"]
[Date "2017.10.21"]
[Round "7.17"]
[White "Padre, Bryan"]
[Black "Vincent, Theo"]
[Result "0-1"]
[WhiteElo "1150"]
[BlackElo "1120"]
[PlyCount "44"]
[EventDate "2017.??.??"]

1. e4 e5 2. Nf3 Nc6 3. d4 exd4 4. Nxd4 Bc5 5. Be3 Qf6 6. c3 d6 7. Nxc6 bxc6 8.
Bxc5 dxc5 9. Bc4 Qg6 10. Qf3 Nf6 11. e5 Nd7 12. O-O O-O 13. Re1 Nb6 14. Bb5
cxb5 15. Re3 Re8 16. Qe2 Bh3 17. g3 Qf5 18. Qxb5 Rxe5 19. Rxe5 Qf3 20. Qc6 Qxc6
21. f3 Qxf3 22. Re2 Qf1# 0-1

[Event "19eme Open de La Réunion"]
[Site "Salle des fêtes de Bellepierre"]
[Date "2017.10.21"]
[Round "7.18"]
[White "Bosi-Lagarde, Arthur"]
[Black "Sandjivy, Jean Marc"]
[Result "0-1"]
[WhiteElo "1160"]
[BlackElo "1291"]
[PlyCount "68"]
[EventDate "2017.??.??"]

1. Nf3 d5 2. d4 Nc6 3. g3 Bg4 4. Bg2 Bf5 5. O-O e6 6. Nc3 Bd6 7. Be3 Qd7 8. Nb5
e5 9. Nxd6+ cxd6 10. Rc1 Nf6 11. c4 e4 12. cxd5 Nxd5 13. Ng5 h6 14. Nxe4 Qe6
15. f3 Nxe3 16. d5 Qe5 17. Qe1 Nxf1 18. dxc6 bxc6 19. Bxf1 Bxe4 20. fxe4 Qxe4
21. Bg2 Qe3+ 22. Kh1 O-O 23. Bxc6 Rac8 24. Rc3 Qg5 25. h4 Qf5 26. Qd1 Rfd8 27.
Rf3 Qh3+ 28. Kg1 Rxc6 29. Qd5 Rc1+ 30. Kf2 Rf1+ 31. Ke3 Rxf3+ 32. Kxf3 Qh1+ 33.
Kg4 Qxd5 34. Kf4 g5+ 0-1

[Event "19eme Open de La Réunion"]
[Site "Salle des fêtes de Bellepierre"]
[Date "2017.10.21"]
[Round "7.19"]
[White "Celestin, Dimitri"]
[Black "Juillien, Thibault"]
[Result "1-0"]
[WhiteElo "1148"]
[BlackElo "1099"]
[PlyCount "64"]
[EventDate "2017.??.??"]

1. e4 c5 2. Nf3 d6 3. Bc4 Nf6 4. Nc3 g6 5. O-O Bg7 6. d4 cxd4 7. Nxd4 O-O 8.
Nf3 Bd7 9. Be3 Nc6 10. Qd2 Re8 11. Bh6 a6 12. Ng5 Rf8 13. Bxg7 Kxg7 14. Nf3 b5
15. Bd5 Nxd5 16. exd5 Ne5 17. Qd4 Qc7 18. Rfe1 f6 19. Nxe5 dxe5 20. Qb4 Rf7 21.
Rad1 Bg4 22. Qxg4 h5 23. Qh4 Qd6 24. Ne4 Qb4 25. Rf1 Qxb2 26. d6 exd6 27. Rxd6
Raf8 28. Rxa6 Qxc2 29. Nd6 Rd7 30. h3 Qd2 31. Ne8+ Rxe8 32. Qxf6+ Kg8 1-0

[Event "19eme Open de La Réunion"]
[Site "Salle des fêtes de Bellepierre"]
[Date "2017.10.21"]
[Round "7.20"]
[White "Mohamed, Keziah"]
[Black "Carballar, Alexandre"]
[Result "0-1"]
[WhiteElo "1060"]
[BlackElo "1138"]
[PlyCount "50"]
[EventDate "2017.??.??"]

1. e4 e5 2. Nf3 Nf6 3. Nxe5 d6 4. Nf3 Nxe4 5. Qe2 Qe7 6. Nc3 Nxc3 7. bxc3 Nc6
8. Qxe7+ Bxe7 9. d4 O-O 10. Bc4 Bf5 11. d5 Ne5 12. Nxe5 dxe5 13. Bb3 Be4 14.
O-O Bf6 15. Re1 Bg6 16. Bb2 b5 17. a4 bxa4 18. Bxa4 Rfd8 19. c4 Rd6 20. c5 Ra6
21. Bc6 Rxa1 22. Rxa1 Rb8 23. Bc3 Bxc2 24. Rxa7 Rb1+ 25. Be1 Rxe1# 0-1

[Event "19eme Open de La Réunion"]
[Site "Salle des fêtes de Bellepierre"]
[Date "2017.10.21"]
[Round "7.22"]
[White "Houwenaghel, Maxime"]
[Black "Carballar, Eric"]
[Result "0-1"]
[WhiteElo "1080"]
[BlackElo "1203"]
[PlyCount "106"]
[EventDate "2017.??.??"]

1. e4 e5 2. Nf3 Nc6 3. Bc4 Nf6 4. Nc3 Bc5 5. Nxe5 Nxe5 6. d4 Nxc4 7. dxc5 c6 8.
Qd4 b5 9. e5 Qe7 10. Bf4 Ng4 11. b3 Ncxe5 12. Bxe5 Nxe5 13. O-O-O Qg5+ 14. f4
Nf3 15. gxf3 Qg6 16. Rhg1 Qh6 17. Kb1 O-O 18. Rd2 f6 19. Rdg2 Rf7 20. Ne2 Ba6
21. Rg3 Rd8 22. Qd6 b4 23. Qc7 g6 24. Qxd8+ Kg7 25. f5 g5 26. Nf4 Qxh2 27. R3g2
Qxf4 28. Qa5 Bb5 29. Rg4 Qxf3 30. Rxb4 Qe3 31. Rbg4 Qxc5 32. a4 h5 33. R4g2 a6
34. Rh1 Qd5 35. Rgh2 h4 36. Rg1 Qxf5 37. axb5 axb5 38. Qd2 Qe5 39. Re2 Qc5 40.
Rge1 h3 41. b4 Qa7 42. Re7 Qc7 43. Qd3 h2 44. Rxf7+ Kxf7 45. Qh3 Kg6 46. Qg2
Qf4 47. Rh1 Qxb4+ 48. Kc1 Qa3+ 49. Kd1 Qa1+ 50. Kd2 Qd4+ 51. Ke1 Qa1+ 52. Kf2
Qd4+ 53. Kg3 Qf4+ 0-1